000 00206nam a22000857a 4500
001 1235187
005 20250930110813.0
245 _aAŞK VE DOSTLUK
_cBRIGITTE LABBE
260 _bGÜNIŞIĞI KİTAPLIĞI YAYINLARI
999 _c1235187
_d1235187